Goat Quiz - Statistics

General Stats
  • This quiz has been taken 33 times
  • The average score is 8 of 10
Answer Stats
Question Answer % Correct
What do goats eat the most? Grass
95%
Do male or female goats have larger horns? Male
91%
Do goats shed their horns? No
91%
Are there more sheep or goats in the world? Sheep
91%
Do goats produce milk? Yes
91%
What animal is most closely related to goats? Sheep
86%
What continent has no goats? Antarctica
77%
What is a baby goat called? Kid
73%
What country has the most goats? India
68%
What is a male goat called? Billy
45%
No matching quizzes found
Score Distribution
Percent of People with Each Score
Percentile by Number Answered
Your Score History
You have not taken this quiz